Thomas' calculus / (Record no. 699)

000 -LEADER
fixed length control field 00759cam a22002778a 4500
001 - CONTROL NUMBER
control field 15771715
003 - CONTROL NUMBER IDENTIFIER
control field OSt
005 - DATE AND TIME OF LATEST TRANSACTION
control field 20140116120835.0
008 - FIXED-LENGTH DATA ELEMENTS--GENERAL INFORMATION
fixed length control field 090611s2009 nju 000 0 eng
020 ## - INTERNATIONAL STANDARD BOOK NUMBER
International Standard Book Number 9780321643636
040 ## - CATALOGING SOURCE
Transcribing agency DLC
050 00 - LIBRARY OF CONGRESS CALL NUMBER
Classification number QA303.2.T46 2010
100 1# - MAIN ENTRY--PERSONAL NAME
Personal name Thomas, George B.
245 10 - TITLE STATEMENT
Title Thomas' calculus /
Statement of responsibility, etc George B. Thomas, Maurice D. Weir and Joel Hass.
246 30 - VARYING FORM OF TITLE
Title proper/short title Calculus
250 ## - EDITION STATEMENT
Edition statement 12th ed.
260 ## - PUBLICATION, DISTRIBUTION, ETC. (IMPRINT)
Place of publication, distribution, etc Boston :
Name of publisher, distributor, etc Pearson Education,
Date of publication, distribution, etc 2011.
263 ## - PROJECTED PUBLICATION DATE
Projected publication date 0909
300 ## - PHYSICAL DESCRIPTION
Extent various pagings :
Other physical details col. ill.
500 ## - GENERAL NOTE
General note Includes index.
650 #0 - SUBJECT ADDED ENTRY--TOPICAL TERM
Topical term or geographic name as entry element Calculus
Form subdivision Textbooks.
700 1# - ADDED ENTRY--PERSONAL NAME
Personal name Weir, Maurice D.
700 1# - ADDED ENTRY--PERSONAL NAME
Personal name Hass, Joel.
942 ## - ADDED ENTRY ELEMENTS (KOHA)
Source of classification or shelving scheme
Koha item type Book
Holdings
Withdrawn status Lost status Source of classification or shelving scheme Damaged status Not for loan Home library Current library Date acquired Source of acquisition Total Checkouts Full call number Barcode Date last seen Date checked out Copy number Price effective from Koha item type Total Renewals
          Riara University Library Riara University Library 27/10/2011 Purchase 4 QA303.2.T46 2010 1158/11 23/10/2019 09/10/2019 C.1 27/10/2011 Book  
          Riara University Library Riara University Library 27/10/2011 Purchase 2 QA303.2.T46 2010 1159/11 02/08/2022 15/07/2022 C.2 27/10/2011 Book 1
          Riara University Library Riara University Library 27/10/2011 Purchase 5 QA303.2.T46 2010 1160/11 08/06/2022 24/05/2022 C.3 27/10/2011 Book 1

Riara University Library,
P.O. Box 49940-00100,
Nairobi, Kenya.